000 00525cam a2200157 4500500
005 20260405002310.0
041 _afre
042 _adc
100 1 0 _aOrtoli, Sven
_eauthor
245 0 0 _aWitold Gombrowicz. Sur les traces de son fantôme dans la pampa
260 _c2016.
500 _a30
690 _aWitold Gombrowicz
786 0 _nPhilosophie magazine | 104 | 11 | 2016-11-01 | p. 15-19 | 1951-1787
856 4 1 _uhttps://shs.cairn.info/magazine-philosophie-magazine-2016-11-page-15?lang=fr&redirect-ssocas=7080
999 _c2056378
_d2056378